| 000 | 00546nam a2200193Ia 4500 | ||
|---|---|---|---|
| 003 | IN-BaIIA | ||
| 008 | 211028s9999 xx 000 0 eng d | ||
| 020 | _a3-540-57014-4 | ||
| 040 | _cIIA Library | ||
| 080 |
_a524.382 _bSHO |
||
| 100 |
_aShore, S. N _919966 |
||
| 245 | 0 |
_aInteracting binaries _cS.N. Shore, M. Livio and E.P.J. van den Heuvel |
|
| 260 |
_aBerlin _bSpringer-Verlag _c1994 |
||
| 300 | _axvi, 479p. | ||
| 650 |
_aBinary stars _91185 |
||
| 700 |
_aLivio, M. _915317 |
||
| 700 |
_avan den Heuvel, E. P. J. _919967 |
||
| 942 | _cBK | ||
| 999 |
_c11565 _d11565 |
||